Welcome to CU Library Online Public Access Catalogue (OPAC)

Firelands (Record no. 405)

MARC details
000 -LEADER
fixed length control field 00416nam a22001577a 4500
005 - DATE AND TIME OF LATEST TRANSACTION
control field 20241030181352.0
008 - FIXED-LENGTH DATA ELEMENTS--GENERAL INFORMATION
fixed length control field 241030b |||||||| |||| 00| 0 eng d
020 ## - INTERNATIONAL STANDARD BOOK NUMBER
International Standard Book Number 9780805939958
050 ## - LIBRARY OF CONGRESS CALL NUMBER
Classification number NX504
Item number .H85
100 ## - MAIN ENTRY--PERSONAL NAME
Personal name McGill, John G.
245 ## - TITLE STATEMENT
Title Firelands
Statement of responsibility, etc. John G. McGill
260 ## - PUBLICATION, DISTRIBUTION, ETC.
Place of publication, distribution, etc. Pennsylvania, USA
Name of publisher, distributor, etc. Dorrance Publishing Co.
Date of publication, distribution, etc. 1996
300 ## - PHYSICAL DESCRIPTION
Extent 551pages
Dimensions 23.5cm
650 ## - SUBJECT ADDED ENTRY--TOPICAL TERM
Source of heading or term Firelands
942 ## - ADDED ENTRY ELEMENTS (KOHA)
Source of classification or shelving scheme Library of Congress Classification
Koha item type Books
Suppress in OPAC No
999 ## -
-- 405
-- 405
Holdings
Withdrawn status Lost status Source of classification or shelving scheme Damaged status Not for loan Collection Home library Current library Shelving location Date acquired Total checkouts Full call number Barcode Date last seen Copy number Price effective from Koha item type
    Library of Congress Classification     Fiction Science Library (Miotso) Science Library (Miotso) General stacks 10/30/2024   NX504 .H85 McG SLM00000192 10/30/2024 1 10/30/2024 Books
© 2023-2024 Copyright: Central University Libraries. All Rights Reserved | Created by: Mahone Tech Office